Směrnice a doporučení pro výpočty únavové pevnosti částí zpracované na základě výsledků komplexního výzkumu /

Enregistré dans:
Détails bibliographiques
Auteur principal: Linhart, V (xxx)
Format: Livre
Langue:tchèque
Publié: Praha : Státní výzkumný ústav materiálů, 1970
Tags: Ajouter un tag
Pas de tags, Soyez le premier à ajouter un tag!

MARC

LEADER 00000nam a22000003a 4500
001 stu42107
005 20150617225719.7
008 940209s1970----cs------------------cze-d
040 |a STU  |b slo 
041 0 |a cze 
044 |a cs 
100 1 |a Linhart, V  |4 xxx 
245 1 |a Směrnice a doporučení pro výpočty únavové pevnosti částí zpracované na základě výsledků komplexního výzkumu /  |c V. Linhart a kol 
260 |a Praha :  |b Státní výzkumný ústav materiálů,  |c 1970 
300 |a 104 s 
996 |b 284M055770  |c M*VVS-2  |l MMKN  |s A  |a 24  |w stu42107_0001